Logo CIB grande

GUAYAQUIL AL VAIVEN DE LA RIA (Registro nro. 224741)

Detalles MARC
000 -LEADER
campo de control de longitud fija 00661nam a2200241Ia 4500
005 - FECHA Y HORA DE LA ÚLTIMA TRANSACCIÓN
campo de control 20250425162222.0
008 - DATOS DE LONGITUD FIJA--INFORMACIÓN GENERAL
campo de control de longitud fija 250425s9999 xx 000 0 und d
041 ## - CÓDIGO DE IDIOMA
Código de lengua del texto/banda sonora o título independiente spa
082 ## - NÚMERO DE LA CLASIFICACIÓN DECIMAL DEWEY
Número de clasificación 986.86632
010 ## - NÚMERO DE CONTROL DE LA BIBLIOTECA DEL CONGRESO
Número de control de LC 57661
100 ## - ENTRADA PRINCIPAL--NOMBRE DE PERSONA
Nombre de persona STOTHERT, KAREN
245 #0 - MENCIÓN DEL TÍTULO
Título GUAYAQUIL AL VAIVEN DE LA RIA
250 ## - MENCION DE EDICION
Mención de edición 1A ED.
260 ## - PUBLICACIÓN, DISTRIBUCIÓN, ETC.
Lugar de publicación, distribución, etc. Ecuador
Nombre del editor, distribuidor, etc. LIBRI MUNDI
Fecha de publicación, distribución, etc. 2003
260 ## - PUBLICACIÓN, DISTRIBUCIÓN, ETC.
Lugar de publicación, distribución, etc. GUAYAQUIL
300 ## - DESCRIPCIÓN FÍSICA
Extensión 295
500 ## - NOTA GENERAL
Nota general EN CIBGZ-FIMCP D-65121
Institución que aplica el campo 0.00 JUL.19.06 PARA ING. MECANICA.- MHP.
650 ## - PUNTO DE ACCESO ADICIONAL DE MATERIA--TÉRMINO DE MATERIA
Término de materia o nombre geográfico como elemento de entrada DESARROLLO ECONOMICO Y SOCIAL
650 ## - PUNTO DE ACCESO ADICIONAL DE MATERIA--TÉRMINO DE MATERIA
Término de materia o nombre geográfico como elemento de entrada GUAYAQUIL-HISTORIA
700 ## - ENTRADA AGREGADA--NOMBRE PERSONAL
Nombre de persona COMPTE GUERRERO, FLORENCIO
700 ## - ENTRADA AGREGADA--NOMBRE PERSONAL
Nombre de persona HIDALGO, ANGEL EMILIO
942 ## - ELEMENTOS DE ENTRADA SECUNDARIOS (KOHA)
Tipo de ítem Koha Libros
Existencias
Estatus retirado Estado de pérdida Estado de daño No para préstamo Biblioteca de origen Biblioteca actual Fecha de adquisición Coste, precio normal de compra Total de préstamos Código de barras Copia número
        FACULTAD DE INGENIERIA MECANICA Y CIENCIAS DE LA PRODUCCION FACULTAD DE INGENIERIA MECANICA Y CIENCIAS DE LA PRODUCCION 09/08/2006 20.00   D-65121 2

Copyright 2025 ESPOL. Todos los derechos reservados.